Introducción a la estilística romance

Saved in:
Bibliographic Details
Main Authors: Vossler, Karl (Author), Spitzer, Leo (Author), Hatzfeld, Helmut Anthony (Author)
Format: Book
Language:Spanish
Published: Buenos Aires Facultad de Filosofía y Letras de la Universidad de Buenos Aires, Instituto de Filosofía 1942
Edition:2a. ed
Series:Colección de Estudios Estilísticos, 1
Subjects:
Tags: Add Tag
No Tags, Be the first to tag this record!

MARC

LEADER 00000nam a2200000 a 4500
001 UCZ5522
003 CL-VaPUC
008 951123e19420000AG |||||||||||||||||spa|d
082 0 4 |a 410  |b VOS  |2 21 
100 0 |a Vossler, Karl  |e author  |9 349575 
700 0 |a Spitzer, Leo  |e author  |9 349576 
700 |a Hatzfeld, Helmut Anthony  |e author  |9 374776 
245 1 0 |a Introducción a la estilística romance 
250 |a 2a. ed 
300 |a 266 p 
942 |c BK 
945 |d 19951123 00:00:00  |a rleighto 
260 |a Buenos Aires  |b Facultad de Filosofía y Letras de la Universidad de Buenos Aires, Instituto de Filosofía  |c 1942 
650 0 |a Lingüística  |9 265068 
650 0 |a Morfología  |9 334440 
650 0 |a Sintaxis  |9 318843 
650 0 |a Lenguaje   |9 265069 
650 0 |a Literatura  |9 259151 
650 7 |a OBRAS LITERARIAS  |2 CL-VaPUC  |9 335030 
583 |a last modification  |c 19951123 00:00:00  |k Rodrigo Vera 
490 0 |a Colección de Estudios Estilísticos, 1 
999 |c 241821  |d 241819 
952 |0 0  |1 0  |4 0  |6 410_000000000000000_VOS_1942  |7 0  |8 A  |9 254315  |a BIBEDU  |b BIBEDU  |d 2019-11-19  |i 3148734  |o 410 VOS 1942  |p 3148734  |r 2019-11-19  |w 2019-11-19  |y BK  |k LIT